Fashion Model by Picture - Statistics

General Stats
  • This quiz has been taken 385 times
  • The average score is 9 of 16
Answer Stats
Picture Answer % Correct
Kendall Jenner
93%
Bella Hadid
91%
Adriana Lima
84%
Gisele Bündchen
81%
Kate Moss
77%
Naomi Campbell
76%
Alex Consani
49%
Shalom Harlow
48%
Anok Yai
46%
Kaia Gerber
45%
Tyra Banks
43%
Cara Delevingne
42%
Claudia Schiffer
40%
Twiggy
39%
"Chico" Lachowski
28%
Yasmeen Ghauri
21%
No matching quizzes found
Score Distribution
Percent of People with Each Score
Percentile by Number Answered
Your Score History
You have not taken this quiz